000 01166cad a22002175a 4500
001 L138332
008 070530e20070522xxk f s 000 0 eng d
035 _a(Sirsi) u138332
041 0 _aeng
110 2 _aEurostat
_91416
245 0 0 _aConstruction output up by 0.9%
_bMarch 2007 compared to February 2007
_h[electronic resource]
260 _c2007
490 0 _aEurostat News Release
_v(67/2007) 22 May 2007
520 _aReveals that seasonally adjusted production in the construction sector increased by 0.9% in the euro area and by 1.1% in the EU27 area in March 2007, compared to February 2007. Compared to March 2006, output in March 2007 was up by 11.4% in the euro area and by 11.2% in the EU27. Tables show monthly, quarterly, and annual variation in construction output and monthly and quarterly production indices for total construction for individual member states.
590 _aKA
650 2 4 _aEUROSTAT MONTHLY CONSTRUCTION INDEX
651 4 _aEUROPEAN UNION
690 _aBUILT ENVIRONMENT-CONSTRUCTION MARKET
856 4 0 _uhttps://epp.eurostat.ec.europa.eu
_zView the item free of charge at http://epp.eurostat.ec.europa.eu...
942 _n0
999 _c78833
_d78833